<?xml version="1.0" encoding="UTF-8"?>
<marc:record xmlns:marc="http://www.loc.gov/MARC21/slim">
   <marc:leader>00000nam a2200000 a 4500</marc:leader>
   <marc:datafield ind1=" " ind2=" " tag="653">
      <marc:subfield code="a">Weihnachten</marc:subfield>
   </marc:datafield>
   <marc:datafield ind1=" " ind2=" " tag="653">
      <marc:subfield code="a">Antolin Klasse-3</marc:subfield>
   </marc:datafield>
   <marc:datafield ind1="0" ind2="0" tag="245">
      <marc:subfield code="a">Maria, Josef und das Kind</marc:subfield>
   </marc:datafield>
   <marc:datafield ind1=" " ind2="1" tag="264">
      <marc:subfield code="b">Gerstenberg</marc:subfield>
      <marc:subfield code="c">2018</marc:subfield>
   </marc:datafield>
   <marc:datafield ind1="1" ind2=" " tag="520">
      <marc:subfield code="a">Weihnachtsgeschichte in Reimen. (ab 4) (JD) In eingängigen Reimen wird in diesem Werk die Weihnachtsgeschichte erzählt, beginnend mit der Verkündigung durch den Engel Gabriel. Obwohl der Text sehr nahe an der biblischen Vorlage bleibt, ist er gut verständlich und kindgerecht verfasst. Durch die Originaltreue tauchen natürlich Worte und Formulierungen auf, die für kleinere Kinder erklärt werden müssen. Das lädt aber auch dazu ein, sich genauer mit dem Text auseinanderzusetzen. Die Grafik ist in warmen, pastelligen Farben gehalten und erinnert etwas an orientalische Krippenbilder. Geeignet ist das Buch ab dem Vorschulalter. GestalterInnen von Krippenspielen können sich aus dem Werk sicher die eine oder andere Passage herausnehmen bzw. die gesamte Geschichte szenisch umsetzen. Klare Empfehlung für den vorweihnachtlichen Bücherstand!</marc:subfield>
   </marc:datafield>
   <marc:datafield ind1=" " ind2=" " tag="020">
      <marc:subfield code="a">9783836956215</marc:subfield>
      <marc:subfield code="9">9783836956215</marc:subfield>
   </marc:datafield>
</marc:record>
